El cuarto mandamiento ; Un aderezo de brillantes / (Record no. 184348)

MARC details
000 -LEADER
campo de control de longitud fija 00675nam a2200205 i 4500
001 - NÚMERO DE CONTROL
campo de control 184348
003 - IDENTIFICADOR DE NÚMERO DE CONTROL
campo de control ES-MaACL
005 - FECHA Y HORA DE LA ÚLTIMA TRANSACCIÓN
campo de control 20250701063205.0
007 - CAMPO FIJO DE DESCRIPCIÓN FÍSICA--INFORMACIÓN GENERAL
campo de control de longitud fija t|
008 - DATOS DE LONGITUD FIJA--INFORMACIÓN GENERAL
campo de control de longitud fija 150625s1909 sp r ||||1| spa d
080 ## - NÚMERO DE LA CLASIFICACIÓN DECIMAL UNIVERSAL
Número de la Clasificación Decimal Universal 821.134.2-31"18"
100 1# - ENTRADA PRINCIPAL--NOMBRE DE PERSONA
Nombre de persona Nombela, Julio,
Fechas asociadas al nombre 1836-1919
9 (RLIN) 85930
245 13 - MENCIÓN DEL TÍTULO
Título El cuarto mandamiento ; Un aderezo de brillantes /
Mención de responsabilidad, etc. Julio Nombela.
260 ## - PUBLICACIÓN, DISTRIBUCIÓN, ETC.
Lugar de publicación, distribución, etc. Madrid :
Nombre del editor, distribuidor, etc. [s.n.],
Fecha de publicación, distribución, etc. 1909 (
Fabricante Administración de "La Ultima Moda")
300 ## - DESCRIPCIÓN FÍSICA
Extensión [301] p. ;
Dimensiones 19 cm.
490 1# - MENCIÓN DE SERIE
Mención de serie Obras literarias de Julio Nombela ;
Designación de volumen o secuencia 12
830 0# - PUNTO DE ACCESO ADICIONAL DE SERIE-TÍTULO UNIFORME
Título uniforme Obras literarias de Julio Nombela ;
Designación de volumen o secuencia 12
9 (RLIN) 192120
852 ## - LOCALIZACIÓN
Ubicación ES-MaACL
Número de control de estantería D-4186
Holdings
Estatus retirado Estado de pérdida Estado de daño No para préstamo Biblioteca de origen Biblioteca actual Ubicación en estantería Fecha de adquisición Fuente de adquisición Total de préstamos Signatura topográfica completa Código de barras Visto por última vez Precio de reemplazo Tipo de ítem Koha
        Biblioteca del Ateneo de Madrid Biblioteca del Ateneo de Madrid Sala Valle Inclán 25/06/2015     D-4186 901193952 23/02/2023 23/02/2023 Libro impreso